Blasonario de la consanguinidad ibérica / (Record no. 11631)

MARC details
000 -LEADER
campo de control de longitud fija 01000nam a2200289 i 4500
001 - NÚMERO DE CONTROL
campo de control 11631
003 - IDENTIFICADOR DE NÚMERO DE CONTROL
campo de control ES-MaACL
005 - FECHA Y HORA DE LA ÚLTIMA TRANSACCIÓN
campo de control 20240326131458.0
007 - CAMPO FIJO DE DESCRIPCIÓN FÍSICA--INFORMACIÓN GENERAL
campo de control de longitud fija t|
008 - DATOS DE LONGITUD FIJA--INFORMACIÓN GENERAL
campo de control de longitud fija 960726m19791982sp ||||1| spa d
020 ## - NÚMERO INTERNACIONAL ESTÁNDAR DEL LIBRO
Número Internacional Estándar del Libro 84-00-04403-7
020 ## - NÚMERO INTERNACIONAL ESTÁNDAR DEL LIBRO
Número Internacional Estándar del Libro 84-00-04865-2
020 ## - NÚMERO INTERNACIONAL ESTÁNDAR DEL LIBRO
Número Internacional Estándar del Libro 84-00-05178-5
080 ## - NÚMERO DE LA CLASIFICACIÓN DECIMAL UNIVERSAL
Número de la Clasificación Decimal Universal 929.6
100 1# - ENTRADA PRINCIPAL--NOMBRE DE PERSONA
Nombre de persona Alonso de Cadenas y López, Ampelio.
9 (RLIN) 20284
245 10 - MENCIÓN DEL TÍTULO
Título Blasonario de la consanguinidad ibérica /
Mención de responsabilidad, etc. Ampelio Alonso de Cadenas López, Vicente de Cadenas y Vicent, Liliana Ruiz Carrasco.
260 ## - PUBLICACIÓN, DISTRIBUCIÓN, ETC.
Lugar de publicación, distribución, etc. Madrid :
Nombre del editor, distribuidor, etc. Hidalguía,
Fecha de publicación, distribución, etc. 1979-1982.
300 ## - DESCRIPCIÓN FÍSICA
Extensión 3 v. :
Otras características físicas il. ;
Dimensiones 17 cm.
500 ## - NOTA GENERAL
Nota general Precede al tit. Instituto Salazar y Castro (C.S.I.C.)
505 8# - NOTA DE CONTENIDO CON FORMATO
Nota de contenido con formato Contiene: 1979 (2ª ed.) -- 1980 -- 1981
650 17 - PUNTO DE ACCESO ADICIONAL DE MATERIA--TÉRMINO DE MATERIA
Término de materia o nombre geográfico como elemento de entrada Heráldica
Fuente del encabezamiento o término embne
9 (RLIN) 235652
700 1# - ENTRADA AGREGADA--NOMBRE PERSONAL
Nombre de persona Cadenas y Vicent, Vicente de.
9 (RLIN) 33391
700 1# - ENTRADA AGREGADA--NOMBRE PERSONAL
Nombre de persona Ruiz Carrasco, Liliana.
9 (RLIN) 100692
710 2# - ENTRADA AGREGADA--NOMBRE DE ENTIDAD CORPORATIVA
Nombre de entidad corporativa o nombre de jurisdicción como elemento de entrada Instituto Salazar y Castro.
9 (RLIN) 5230
852 ## - LOCALIZACIÓN
Ubicación ES-MaACL
Número de control de estantería G-1659-61
Sublocalización o colección R.111059
Holdings
Estatus retirado Estado de pérdida Estado de daño No para préstamo Biblioteca de origen Biblioteca actual Ubicación en estantería Fecha de adquisición Fuente de adquisición Total de préstamos Signatura topográfica completa Código de barras Visto por última vez Precio de reemplazo Tipo de ítem Koha
        Biblioteca del Ateneo de Madrid Biblioteca del Ateneo de Madrid Depósito 2 17/01/2008     G-1659-61 1011855 23/02/2023 23/02/2023 Libro impreso